Cabinet Members 2024 - Statistics

General Stats
  • This quiz has been taken 16 times
  • The average score is 6 of 9
Answer Stats
Hint Answer % Correct
Secretary of State Antony Blinken
100%
Secretary of Defense Lloyd Austin
89%
US Ambassador to the United Nations Linda Thomas-Greenfield
78%
Secretary of Homeland Security Alejandro Mayorkas
56%
National Security Advisor Jake Sullivan
56%
Secretary of Treasury Janet Yellen
56%
US Trade Representative Katherine Tai
44%
CIA Director William Burns
44%
Chairman of the Joint Chiefs of Staff Charles Brown Jr.
33%
No matching quizzes found
Score Distribution
Percent of People with Each Score
Percentile by Number Answered
Your Score History
You have not taken this quiz